00189nam a2200073Ia 4500008004100000082000800041100002200049245004400071240331s9999 xx 000 0 und d bPAR aParameswaran, P.R 0aIndia samuthayathil sathi matha varkkam